[Event "?"]
[Site "?"]
[Date "????.??.??"]
[Round "?"]
[White "Schoene, A."]
[Black "Villing, D."]
[Result "1-0"]
[WhiteElo "2187"]
[BlackElo "2261"]
[PlyCount "119"]
[EventDate "2006.02.24"]

1. e4 e5 2. Nf3 Nc6 3. Bb5 Bc5 4. O-O Nd4 5. Nxd4 Bxd4 6. c3 Bb6 7. d4 c6 8.
Ba4 d6 9. Qd3 Ne7 10. f4 O-O 11. Be3 f5 12. fxe5 dxe5 13. Qc4+ Kh8 14. Nd2 exd4
15. cxd4 fxe4 16. Rxf8+ Qxf8 17. Rf1 Qe8 18. Qf7 Qxf7 19. Rxf7 Ng6 20. Bb3 Bg4
21. Rxb7 h6 22. Nxe4 Nh4 23. Bf2 Nf5 24. h3 Be2 25. Nc5 Re8 26. Ne6 Ba6 27. Rf7
Nd6 28. Rf8+ Rxf8 29. Nxf8 Bc4 30. Ng6+ Kh7 31. Bc2 Bxa2 32. Ne7+ Kh8 33. b3
Nb5 34. Nxc6 Kg8 35. d5 Kf8 36. Kf1 Bxf2 37. Kxf2 Ke8 38. Nb4 Nc3 39. Ke3 Bb1
40. Bxb1 Nxb1 41. Nc6 Kd7 42. Nxa7 Nc3 43. Kd4 Ne2+ 44. Ke5 Nc1 45. Kf5 Nxb3
46. Kg6 Nd4 47. Kxg7 Nf5+ 48. Kh7 h5 49. Nc6 Kd6 50. Kg6 Nh4+ 51. Kxh5 Nxg2 52.
Nb4 Kc5 53. Kg5 Ne1 54. h4 Nf3+ 55. Kg4 Ne5+ 56. Kf5 Nf7 57. Ke6 Nd8+ 58. Kf6
Nb7 59. h5 Nd6 60. h6 1-0

[Event "?"]
[Site "?"]
[Date "????.??.??"]
[Round "?"]
[White "Dueckstein, A."]
[Black "Wade, R."]
[Result "1/2-1/2"]
[WhiteElo "2276"]
[BlackElo "2171"]
[PlyCount "82"]

1. e4 c6 2. d4 d5 3. Nc3 g6 4. h3 dxe4 5. Nxe4 Bg7 6. Nf3 Nd7 7. Bc4 Ngf6 8.
Nxf6+ Nxf6 9. Qe2 O-O 10. O-O Qc7 11. Re1 e6 12. Bb3 b6 13. Ne5 Nd7 14. Nxd7
Bxd7 15. c3 c5 16. d5 exd5 17. Bxd5 Rfe8 18. Be3 Be6 19. Rad1 Bxd5 20. Rxd5
Rad8 21. Red1 Rxd5 22. Rxd5 Rd8 23. Bf4 Qc8 24. Qd2 Rxd5 25. Qxd5 c4 26. a4 Bf8
27. Be3 h6 28. Kf1 g5 29. g4 Qe6 30. Qxe6 fxe6 31. f4 gxf4 32. Bxf4 Bg7 33. Ke2
e5 34. Be3 Kf7 35. Kf3 Ke6 36. Ke4 Bf8 37. h4 Bg7 38. h5 Bf8 39. g5 hxg5 40.
Bxg5 a6 41. h6 b5 1/2-1/2

[Event "?"]
[Site "?"]
[Date "????.??.??"]
[Round "?"]
[White "Seuss, O."]
[Black "James, G H."]
[Result "1/2-1/2"]
[WhiteElo "2113"]
[BlackElo "2201"]
[PlyCount "57"]

1. e4 e5 2. Nf3 Nc6 3. Bb5 a6 4. Ba4 d6 5. c3 Bd7 6. d4 g6 7. O-O Bg7 8. Re1
Nge7 9. d5 Nb8 10. Bxd7+ Nxd7 11. c4 O-O 12. Nc3 h6 13. Nd2 f5 14. b4 a5 15.
Ba3 b6 16. bxa5 Rxa5 17. Bb4 Ra6 18. a4 Qa8 19. Nb5 Qb7 20. Nb3 Nc5 21. Bxc5
bxc5 22. h4 h5 23. g3 Qc8 24. Nd2 f4 25. Kg2 Bh6 26. Ra3 Kh7 27. Nf1 Ng8 28.
Nh2 Nf6 29. Qe2 1/2-1/2

[Event "?"]
[Site "?"]
[Date "????.??.??"]
[Round "?"]
[White "Farrand, J."]
[Black "Titz, H."]
[Result "1-0"]
[WhiteElo "2166"]
[BlackElo "2070"]
[PlyCount "67"]

1. d4 d5 2. Nc3 e6 3. e4 dxe4 4. Nxe4 Nf6 5. Nxf6+ Qxf6 6. Nf3 h6 7. Bd2 Bd6 8.
Bd3 O-O 9. Qe2 Nc6 10. Qe4 Qf5 11. Qe2 Qh5 12. O-O-O Nb4 13. Bc4 b5 14. Bxb4
Bxb4 15. Bd3 Bb7 16. Rhg1 a6 17. Kb1 Bd6 18. g4 Qh3 19. Be4 c6 20. g5 Bf4 21.
gxh6 Qxh6 22. Rg4 Qf6 23. Rdg1 Bh6 24. Ne5 Rad8 25. c3 Rd6 26. R4g3 Qe7 27.
Rxg7+ Bxg7 28. Rxg7+ Kxg7 29. Qg4+ Kh6 30. Qh3+ Kg5 31. f4+ Kxf4 32. Qg4+ Ke3
33. Qf3+ Kd2 34. Qf2+ 1-0

[Event "?"]
[Site "?"]
[Date "????.??.??"]
[Round "?"]
[White "Turikov, V."]
[Black "Rudnik, H."]
[Result "1-0"]
[WhiteElo "2345"]
[BlackElo "2179"]
[PlyCount "69"]

1. d4 g6 2. e4 Bg7 3. c3 d6 4. Nf3 Nc6 5. Bb5 Bd7 6. O-O e5 7. Bg5 f6 8. Be3
Nh6 9. Bc4 Qe7 10. Re1 Nf7 11. Nbd2 O-O 12. Qc2 Kh8 13. a3 Rae8 14. Bd3 b6 15.
Rad1 Qd8 16. h3 Ne7 17. Nf1 Qc8 18. Bc4 Be6 19. Qb3 Bxc4 20. Qxc4 h6 21. Ng3
Qb7 22. a4 d5 23. exd5 Nxd5 24. dxe5 Nxe3 25. Rxe3 fxe5 26. Rd7 Nd6 27. Qxc7
Qxc7 28. Rxc7 Rf7 29. Rxf7 Nxf7 30. Ne4 Rd8 31. Kf1 Kg8 32. Ke2 Kf8 33. Rd3 Rc8
34. Rd7 a6 35. Rxf7+ 1-0

[Event "?"]
[Site "?"]
[Date "????.??.??"]
[Round "?"]
[White "Krylov, S."]
[Black "Harzer, P."]
[Result "1/2-1/2"]
[WhiteElo "2253"]
[BlackElo "2125"]
[PlyCount "71"]
[EventDate "2006.02.24"]

1. c4 f5 2. g3 Nf6 3. Bg2 e6 4. e3 Be7 5. Ne2 O-O 6. O-O d6 7. Nbc3 Qe8 8. d3
c6 9. b4 Na6 10. Rb1 Bd7 11. d4 d5 12. c5 Nc7 13. a4 a6 14. f3 Bd8 15. e4 fxe4
16. fxe4 e5 17. dxe5 Qxe5 18. Bf4 Qh5 19. e5 Ng4 20. h3 Nh6 21. Nd4 Qxd1 22.
Rfxd1 Nf5 23. Nxf5 Bxf5 24. Rb2 Ne6 25. b5 axb5 26. axb5 Nxc5 27. bxc6 bxc6 28.
Nxd5 Be4 29. Nb6 Bxb6 30. Rxb6 Bxg2 31. Kxg2 Ne6 32. Rxc6 Nxf4+ 33. gxf4 Rxf4
34. Rd2 Re4 35. e6 Re8 36. Rdd6 1/2-1/2

[Event "?"]
[Site "?"]
[Date "????.??.??"]
[Round "?"]
[White "Duemmke, J."]
[Black "Vager, B."]
[Result "1/2-1/2"]
[WhiteElo "2099"]
[BlackElo "2175"]
[PlyCount "33"]
[EventDate "2006.02.24"]

1. e4 c5 2. Nf3 e6 3. d4 cxd4 4. Nxd4 Nf6 5. Nc3 Nc6 6. Ndb5 Bb4 7. a3 Bxc3+ 8.
Nxc3 d5 9. exd5 Nxd5 10. Bd2 O-O 11. Bd3 Nf6 12. Ne4 Nxe4 13. Bxe4 Qd4 14. Bxc6
bxc6 15. Bc3 Qe4+ 16. Qe2 Qxe2+ 17. Kxe2 1/2-1/2

[Event "?"]
[Site "?"]
[Date "????.??.??"]
[Round "?"]
[White "Opl, K."]
[Black "Kool, G."]
[Result "1-0"]
[WhiteElo "2333"]
[BlackElo "2126"]
[PlyCount "69"]

1. d4 e6 2. c4 Nf6 3. Nc3 d5 4. Bg5 Be7 5. Nf3 O-O 6. e3 Nbd7 7. Rc1 b6 8. cxd5
exd5 9. Bd3 c5 10. O-O Bb7 11. dxc5 Nxc5 12. Nd4 Nfe4 13. Bxe7 Qxe7 14. Qe2 f5
15. Rfd1 Qh4 16. Bb5 Rf6 17. Nf3 Nxc3 18. Rxc3 Qh5 19. Nd4 Qh4 20. b4 Ne4 21.
Rc7 Rb8 22. Qc2 Nd6 23. Rxg7+ Kxg7 24. Qc7+ Kh6 25. Qxb8 Nxb5 26. Qxb7 Nc3 27.
Rc1 Qe4 28. h3 Qd3 29. Qc7 Ne4 30. Qf4+ Kg6 31. Nf3 Kg7 32. Rc7+ Kg8 33. Rc8+
Kg7 34. Qc7+ Kh6 35. Rg8 1-0

[Event "?"]
[Site "?"]
[Date "????.??.??"]
[Round "?"]
[White "Vink, W."]
[Black "Bukacek, E."]
[Result "1/2-1/2"]
[WhiteElo "2141"]
[BlackElo "2259"]
[PlyCount "46"]
[EventDate "2006.02.24"]

1. d4 f5 2. c4 Nf6 3. g3 g6 4. Bg2 Bg7 5. Nf3 O-O 6. Nc3 d6 7. O-O Nc6 8. d5
Ne5 9. Nd2 Ned7 10. Qc2 Nc5 11. b4 Nce4 12. Bb2 Nxc3 13. Bxc3 Qe8 14. e3 e5 15.
dxe6 c6 16. Bd4 Bxe6 17. a4 Qf7 18. Rab1 Rfe8 19. Rfd1 a6 20. c5 Rad8 21. cxd6
Rxd6 22. Nb3 Ne4 23. Bxg7 Rxd1+ 1/2-1/2

[Event "?"]
[Site "?"]
[Date "????.??.??"]
[Round "?"]
[White "Stuerzenbaum, A."]
[Black "Oud, N."]
[Result "1/2-1/2"]
[WhiteElo "2212"]
[BlackElo "2085"]
[PlyCount "61"]

1. e4 c5 2. Nf3 Nc6 3. d4 cxd4 4. Nxd4 Nf6 5. Nc3 d6 6. Bc4 e6 7. Bb3 Qc7 8.
Be3 a6 9. f4 b5 10. a3 Bb7 11. O-O Na5 12. Qd3 Nxb3 13. cxb3 Be7 14. Rac1 Qd7
15. Kh1 O-O 16. f5 Rfc8 17. Nde2 Ng4 18. Bf4 exf5 19. exf5 d5 20. h3 Nf6 21.
Be5 Rd8 22. Bxf6 Bxf6 23. Nd4 Re8 24. Rcd1 h6 25. Rd2 Bg5 26. Re2 Rxe2 27.
Ncxe2 Qd6 28. Nf3 Bf6 29. Ned4 Re8 30. Re1 Rxe1+ 31. Nxe1 1/2-1/2

[Event "?"]
[Site "?"]
[Date "????.??.??"]
[Round "?"]
[White "Hicker, H."]
[Black "Monte, P."]
[Result "1/2-1/2"]
[WhiteElo "2156"]
[BlackElo "2117"]
[PlyCount "92"]

1. f4 f5 2. e4 fxe4 3. d3 e3 4. Bxe3 Nf6 5. g3 g6 6. Bg2 Bg7 7. c3 Nc6 8. Nf3
O-O 9. Na3 e6 10. O-O Qe7 11. Re1 Nd5 12. Qd2 Nxc3 13. Ne5 Nxe5 14. fxe5 Nd5
15. Bg5 Qb4 16. Bxd5 Qd4+ 17. Qe3 Qxd5 18. Qe4 Qxe4 19. Rxe4 Rf5 20. Bd8 Rxe5
21. Rxe5 Bxe5 22. Nb5 c6 23. Nc7 Rb8 24. Rf1 b6 25. Ne8 Ba6 26. Bf6 d6 27. Bxe5
dxe5 28. Nf6+ Kg7 29. Nd7 Rd8 30. Nxe5 c5 31. Rf7+ Kg8 32. Rxa7 Bxd3 33. Nd7 g5
34. a4 Bg6 35. Kf2 Kh8 36. Ke1 e5 37. Nxb6 Rd4 38. Re7 Rb4 39. a5 e4 40. Re5
Rxb2 41. Rxc5 e3 42. Nc4 Rc2 43. Rc8+ Kg7 44. Nd6 Ra2 45. Rc5 Bd3 46. Nf5+ Bxf5
1/2-1/2

[Event "?"]
[Site "?"]
[Date "????.??.??"]
[Round "?"]
[White "Krieger, H."]
[Black "Littlewood, J."]
[Result "0-1"]
[WhiteElo "2218"]
[BlackElo "2275"]
[PlyCount "77"]

1. e4 e5 2. Nf3 d6 3. d4 exd4 4. Nxd4 g6 5. Nc3 Bg7 6. Be2 Nc6 7. Be3 Nf6 8.
Qd2 O-O 9. O-O-O Re8 10. f3 d5 11. Bb5 Bd7 12. exd5 Nxd4 13. Bxd4 Bxb5 14. Nxb5
Qxd5 15. Nc3 Qc4 16. Qd3 Qe6 17. Qb5 b6 18. Qb3 Qf5 19. Kb1 Rad8 20. Bxf6 Qxf6
21. Ne4 Qe5 22. g3 h6 23. a3 Kh7 24. Nc3 Qf5 25. Ne4 a5 26. a4 Kg8 27. Rd3 Rxd3
28. Qxd3 Qe5 29. Qb3 Rd8 30. Re1 Rd4 31. c3 Rd3 32. f4 Qf5 33. Qc4 Rd7 34. Ka2
h5 35. Re2 h4 36. Ng5 Bf6 37. Qc6 hxg3 38. Ne4 Bg7 39. hxg3 0-1

[Event "?"]
[Site "?"]
[Date "????.??.??"]
[Round "?"]
[White "Richardson, K."]
[Black "Kelchner, H."]
[Result "1-0"]
[WhiteElo "2236"]
[BlackElo "2137"]
[PlyCount "39"]

1. e4 c6 2. Nc3 d5 3. Nf3 Bg4 4. h3 Bh5 5. g4 Bg6 6. exd5 cxd5 7. Bb5+ Nc6 8.
Ne5 Qd6 9. d4 f6 10. Nxg6 hxg6 11. Be3 e6 12. Qd3 f5 13. O-O-O O-O-O 14. Bxc6
bxc6 15. Ne2 Kb7 16. g5 Rh4 17. Qd2 Ka8 18. Nf4 Rb8 19. Nxg6 Ne7 20. Nxh4 1-0

[Event "?"]
[Site "?"]
[Date "????.??.??"]
[Round "?"]
[White "Bold, K."]
[Black "Macdonald-Ross, M."]
[Result "1/2-1/2"]
[WhiteElo "2155"]
[BlackElo "2207"]
[PlyCount "101"]

1. e4 c6 2. d4 d5 3. exd5 cxd5 4. Bd3 Nf6 5. c3 Nc6 6. Bf4 Bg4 7. Qb3 Qc8 8. h3
Bh5 9. Nd2 e6 10. Ngf3 Bg6 11. Bxg6 hxg6 12. O-O Be7 13. Rae1 O-O 14. Ne5 Nxe5
15. Bxe5 Qc6 16. Bxf6 gxf6 17. Nf3 Kg7 18. Re3 Rh8 19. Rfe1 Rac8 20. Nh2 b5 21.
Ng4 Qc4 22. Qxc4 Rxc4 23. a3 a5 24. R3e2 Bd6 25. Ne3 Rc7 26. Ra1 Rb8 27. Nc2 b4
28. axb4 axb4 29. Nxb4 Bxb4 30. cxb4 Rxb4 31. Rd1 Ra7 32. Red2 Kf8 33. Kf1 Ra2
34. Rb1 Raa4 35. Rbd1 Ke7 36. Ke2 Kd6 37. f4 Kc6 38. Rc1+ Rc4 39. Rcd1 Ra2 40.
Ke3 Kb5 41. h4 Kb4 42. g4 Ra8 43. Rh1 Rh8 44. h5 f5 45. gxf5 Rxh5 46. Rxh5 gxh5
47. fxe6 fxe6 48. Rh2 Kb3 49. f5 exf5 50. Rxh5 f4+ 51. Kxf4 1/2-1/2

[Event "?"]
[Site "?"]
[Date "????.??.??"]
[Round "?"]
[White "Wheeler, J F."]
[Black "Betz, E."]
[Result "1-0"]
[WhiteElo "2275"]
[BlackElo "2035"]
[PlyCount "79"]

1. d4 f5 2. Nf3 Nf6 3. g3 g6 4. Bg2 Bg7 5. O-O O-O 6. c4 d6 7. b3 Na6 8. Bb2
Qe8 9. Nbd2 h6 10. e3 g5 11. Qe2 Qg6 12. a3 c5 13. d5 Bd7 14. Ne1 Rae8 15. Nd3
Nc7 16. f4 b6 17. Rae1 e5 18. fxe5 Ng4 19. e6 Bxb2 20. Nxb2 Bc8 21. e4 Qf6 22.
Nd1 Qd4+ 23. Kh1 Nxe6 24. dxe6 Bxe6 25. Nf3 Qg7 26. exf5 Bxf5 27. Qxe8 Rxe8 28.
Rxe8+ Kh7 29. Rfe1 Qa1 30. Ne3 Qf6 31. Nxg4 Bxg4 32. Nd2 Qf2 33. h3 Bf5 34. Rf1
Qxd2 35. Rxf5 Kg6 36. Ref8 Qd1+ 37. Kh2 Qxb3 38. R8f6+ Kg7 39. Rf7+ Kg6 40.
R5f6+ 1-0

[Event "?"]
[Site "?"]
[Date "????.??.??"]
[Round "?"]
[White "Crombleholme, A."]
[Black "Baumgartner, H."]
[Result "0-1"]
[WhiteElo "2104"]
[BlackElo "2303"]
[PlyCount "58"]
[EventDate "2006.02.24"]

1. d4 d5 2. c4 e6 3. Nf3 Nf6 4. Nc3 Be7 5. Bg5 Nbd7 6. e3 O-O 7. Qc2 c6 8. cxd5
exd5 9. Bd3 Re8 10. O-O Nf8 11. h3 Ne4 12. Bf4 Ng5 13. Bxg5 Bxg5 14. b4 a6 15.
a4 Be7 16. b5 Bd6 17. bxc6 bxc6 18. Rfb1 Qf6 19. Qd1 a5 20. Rb6 Nd7 21. Rb3 Bc7
22. Rc1 Bb8 23. Ne2 Nf8 24. Ne1 Bd7 25. Nc3 Ne6 26. Qh5 g6 27. Qh6 Nxd4 28.
exd4 Bf4 29. Nxd5 cxd5 0-1

[Event "?"]
[Site "?"]
[Date "????.??.??"]
[Round "?"]
[White "Edwards, R."]
[Black "Ager, J."]
[Result "1/2-1/2"]
[WhiteElo "2093"]
[BlackElo "2235"]
[PlyCount "117"]

1. d4 Nf6 2. c4 e6 3. Nc3 Bb4 4. Bg5 c5 5. d5 h6 6. Bh4 d6 7. e3 Qe7 8. Nf3
Nbd7 9. Be2 Nb6 10. Bxf6 Qxf6 11. Rc1 e5 12. O-O Bxc3 13. Rxc3 O-O 14. e4 Bd7
15. Nd2 Nc8 16. Bg4 Bxg4 17. Qxg4 Qg5 18. Qe2 Ne7 19. Rg3 Qf4 20. Rf3 Qg4 21.
Re3 Qxe2 22. Rxe2 Rab8 23. g3 Ng6 24. Kg2 a6 25. h4 f6 26. h5 Nh8 27. f4 Nf7
28. Rf3 b5 29. Rc3 Rb6 30. Rc2 Rfb8 31. b3 Nd8 32. Nf3 Nb7 33. cxb5 axb5 34.
Nh4 Rc8 35. Nf5 Rc7 36. Kf3 Nd8 37. Rb2 Nf7 38. Rec2 Kh7 39. Ne3 Ra6 40. Nf5
Ra8 41. Ne3 Rca7 42. Nf5 Re8 43. Re2 Ra3 44. Kg4 g6 45. hxg6+ Kxg6 46. Nh4+ Kh7
47. Nf5 Rg8+ 48. Kh5 Ra7 49. Rec2 Rd7 50. b4 c4 51. a4 bxa4 52. Rxc4 Ra8 53.
Ra2 Rb7 54. b5 exf4 55. gxf4 a3 56. Rb4 Ra5 57. Rb3 Raxb5 58. Rxb5 Rxb5 59.
Rxa3 1/2-1/2

[Event "?"]
[Site "?"]
[Date "????.??.??"]
[Round "?"]
[White "Winiwarter, F."]
[Black "Singleton, M."]
[Result "1/2-1/2"]
[WhiteElo "2175"]
[BlackElo "2157"]
[PlyCount "81"]

1. e4 c5 2. Nf3 Nc6 3. d4 cxd4 4. Nxd4 e5 5. Nb5 d6 6. N1c3 a6 7. Na3 b5 8. Nd5
Nge7 9. c4 Nd4 10. Nc2 Nxc2+ 11. Qxc2 Nxd5 12. cxd5 Be7 13. Bd3 O-O 14. O-O Bd7
15. f4 Rc8 16. Qe2 exf4 17. Bxf4 Bg5 18. Qe3 Bxf4 19. Qxf4 Qb6+ 20. Kh1 Qd4 21.
Qxd6 Bg4 22. Qg3 Bh5 23. Rf2 Bg6 24. Re2 Rc5 25. Rae1 Rfc8 26. Qe3 Qe5 27. Bb1
Bh5 28. Rd2 Rc1 29. Rf2 Rxe1+ 30. Qxe1 f6 31. h3 Bg6 32. Rc2 Re8 33. Rd2 f5 34.
d6 fxe4 35. d7 Rd8 36. Qe3 Qe7 37. Rd4 Rxd7 38. Bxe4 Bxe4 39. Rxe4 Rd1+ 40. Kh2
Qd6+ 41. Qf4 1/2-1/2

[Event "?"]
[Site "?"]
[Date "????.??.??"]
[Round "?"]
[White "Salov, S."]
[Black "Liebert, H."]
[Result "1/2-1/2"]
[WhiteElo "2304"]
[BlackElo "2265"]
[PlyCount "33"]
[EventDate "2006.02.24"]

1. e4 c5 2. Nf3 Nc6 3. d4 cxd4 4. Nxd4 Qc7 5. Nb5 Qb8 6. Bd3 a6 7. N5c3 e6 8.
f4 d6 9. O-O Nf6 10. Be3 Be7 11. Nd2 b5 12. Kh1 Bb7 13. Qe2 O-O 14. Rf3 e5 15.
Rg3 exf4 16. Bxf4 Ne5 17. a3 1/2-1/2

[Event "?"]
[Site "?"]
[Date "????.??.??"]
[Round "?"]
[White "Packroff, H."]
[Black "Drebes, G."]
[Result "1-0"]
[WhiteElo "2157"]
[BlackElo "2061"]
[PlyCount "85"]
[EventDate "2006.02.24"]

1. d4 Nf6 2. Nc3 d5 3. Bg5 Nbd7 4. Qd3 c6 5. e4 dxe4 6. Nxe4 Nxe4 7. Qxe4 Qa5+
8. Bd2 Qd5 9. Qh4 Nf6 10. Nf3 Qe4+ 11. Qxe4 Nxe4 12. Bb4 e6 13. Bxf8 Kxf8 14.
Bd3 Nf6 15. Ne5 Ke7 16. O-O-O Rd8 17. c3 Kf8 18. Rhe1 Bd7 19. Be2 Be8 20. f4
Nd7 21. Bf3 Nxe5 22. dxe5 Rxd1+ 23. Rxd1 Ke7 24. Rd4 Rd8 25. Ra4 a6 26. Rd4
Rxd4 27. cxd4 Kd7 28. b4 b6 29. Kd2 a5 30. a3 axb4 31. axb4 Kc7 32. g4 Bd7 33.
Be4 g6 34. Ke3 Kd8 35. h4 Ke7 36. Bd3 f5 37. exf6+ Kxf6 38. Ke4 b5 39. g5+ Ke7
40. Ke5 Be8 41. Be4 Bd7 42. h5 Be8 43. h6 1-0

[Event "?"]
[Site "?"]
[Date "????.??.??"]
[Round "?"]
[White "Meier, W."]
[Black "Bondick, K-H."]
[Result "0-1"]
[WhiteElo "2190"]
[BlackElo "2165"]
[PlyCount "122"]
[EventDate "2006.02.24"]

1. Nf3 f5 2. d4 e6 3. g3 Nf6 4. Bg2 Be7 5. O-O O-O 6. c4 d5 7. Nbd2 c6 8. b3
Bd7 9. Ne5 Be8 10. Ndf3 Ne4 11. Qc2 g5 12. Nd2 Nd7 13. Nxd7 Qxd7 14. Bb2 Bg6
15. Nf3 Bf6 16. Qc1 Qg7 17. Ne5 Bh5 18. f3 Nd6 19. e3 Rad8 20. a4 f4 21. g4 Be8
22. c5 Nf7 23. exf4 gxf4 24. Qxf4 Bg5 25. Qg3 Nxe5 26. Qxe5 Qxe5 27. dxe5 Be3+
28. Kh1 Bxc5 29. f4 Bg6 30. Ba3 Bxa3 31. Rxa3 Rd7 32. Ra2 Rdf7 33. Raf2 Bd3 34.
Rd1 Ba6 35. f5 exf5 36. e6 Rf6 37. Re1 Re8 38. gxf5 Bd3 39. Rf3 Bc2 40. Rc3
Bxf5 41. Rf3 Rff8 42. Rg3+ Kh8 43. Bh3 Bxh3 44. Rxh3 Rf6 45. Rhe3 Re7 46. b4
Kg7 47. b5 Kf8 48. bxc6 bxc6 49. a5 Ke8 50. a6 Kd8 51. Rb1 Rfxe6 52. Rb8+ Kd7
53. Rb7+ Kd6 54. Reb3 d4 55. Kg2 c5 56. Kf2 Kd5 57. Rb1 Rf6+ 58. Kg1 Ref7 59.
Kg2 d3 60. Rb8 c4 61. Rd8+ Ke4 0-1

[Event "?"]
[Site "?"]
[Date "????.??.??"]
[Round "?"]
[White "Werchan, H."]
[Black "Eskandary, J."]
[Result "0-1"]
[WhiteElo "2138"]
[BlackElo "2159"]
[PlyCount "92"]
[EventDate "2006.02.24"]

1. Nf3 d6 2. g3 e5 3. d3 Be6 4. Bg2 Qc8 5. Ng5 Bd7 6. c3 Nc6 7. h4 h6 8. Nh3
Nf6 9. Nd2 d5 10. e4 dxe4 11. Nxe4 Be7 12. Nxf6+ Bxf6 13. Be3 O-O 14. Qe2 Be6
15. Ng5 Bg4 16. f3 Bf5 17. Ne4 Be7 18. g4 Bh7 19. g5 h5 20. Ng3 Qe6 21. Bh3 Qd5
22. Ne4 Rfd8 23. Rd1 Qxa2 24. O-O Qa6 25. Rd2 Rd5 26. c4 Ra5 27. Qg2 Bg6 28.
Bd7 Rd8 29. Qh3 Nd4 30. Bxd4 exd4 31. f4 Bxe4 32. dxe4 Qxc4 33. g6 d3 34. gxf7+
Kf8 35. Bf5 Bb4 36. Rdd1 d2 37. e5 Qxf7 38. Bc2 c5 39. f5 Ra6 40. f6 gxf6 41.
Qe3 Rd4 42. Rf2 Rg4+ 43. Kf1 Qg7 44. Ke2 Rg2 45. Bf5 fxe5 46. Rdf1 Ke7 0-1

[Event "?"]
[Site "?"]
[Date "????.??.??"]
[Round "?"]
[White "Schwier, M."]
[Black "Reinholz, S."]
[Result "1-0"]
[WhiteElo "2131"]
[BlackElo "2081"]
[PlyCount "63"]
[EventDate "2006.02.24"]

1. e4 Nf6 2. e5 Nd5 3. d4 d6 4. Nf3 Nc6 5. Bb5 Bd7 6. c4 Nb6 7. e6 Bxe6 8. d5
Bd7 9. dxc6 bxc6 10. c5 dxc5 11. Be2 Nd5 12. O-O e6 13. Nbd2 Bd6 14. Ne4 O-O
15. Qc2 Qe7 16. Bc4 f5 17. Bg5 Nf6 18. Nxd6 cxd6 19. Rfe1 h6 20. Bxf6 Qxf6 21.
Rad1 d5 22. Ne5 Be8 23. Bb3 c4 24. Ba4 c5 25. Nd7 Bxd7 26. Bxd7 Rab8 27. Bxe6+
Kh8 28. Bxd5 Rxb2 29. Qxc4 Rc8 30. Re6 Qf8 31. Qc3 Rb4 32. Rxh6# 1-0

[Event "?"]
[Site "?"]
[Date "????.??.??"]
[Round "?"]
[White "Taksrud, V."]
[Black "Samuelsson, S G."]
[Result "1-0"]
[WhiteElo "2087"]
[BlackElo "2141"]
[PlyCount "60"]

1. d4 d5 2. Nf3 Nf6 3. c4 c6 4. e3 Bf5 5. Nc3 e6 6. Be2 Nbd7 7. O-O Bd6 8. Re1
Ne4 9. Nxe4 Bxe4 10. Qb3 Rb8 11. c5 Bc7 12. Qa4 a6 13. Nd2 Bg6 14. f4 O-O 15.
Nf1 Qh4 16. Bd2 Be4 17. Rec1 g5 18. Rc3 Kh8 19. Qd1 Rg8 20. Bf3 Nf6 21. Be1 Qh6
22. fxg5 Rxg5 23. Bg3 Rbg8 24. Qe2 Qg6 25. Rb3 Bxf3 26. Qxf3 Ne4 27. Rxb7 Bxg3
28. hxg3 Nxg3 29. Qxf7 Ne2+ 30. Kf2 Rf5+ 1-0

[Event "?"]
[Site "?"]
[Date "????.??.??"]
[Round "?"]
[White "Nordstroem, F."]
[Black "Strand, K W."]
[Result "1/2-1/2"]
[WhiteElo "2198"]
[BlackElo "2062"]
[PlyCount "45"]

1. d4 d5 2. c4 e6 3. Nc3 Nf6 4. Bg5 Nbd7 5. e3 c6 6. a3 Be7 7. Qc2 O-O 8. Nf3
Re8 9. Rd1 h6 10. Bh4 Nb6 11. Ne5 dxc4 12. Nxc4 Nxc4 13. Bxc4 Nd5 14. Bxe7 Qxe7
15. O-O Nxc3 16. Qxc3 b6 17. b4 Bb7 18. Qb3 Rab8 19. e4 Red8 20. f3 Rd7 21. Qe3
Rbd8 22. Rd3 Qf6 23. Rfd1 1/2-1/2

[Event "?"]
[Site "?"]
[Date "????.??.??"]
[Round "?"]
[White "Andersson, K."]
[Black "Kverndal, L."]
[Result "1/2-1/2"]
[WhiteElo "2142"]
[BlackElo "1956"]
[PlyCount "70"]
[EventDate "2006.02.24"]

1. e4 c5 2. Nf3 e6 3. d4 cxd4 4. Nxd4 Bc5 5. Nb3 Bb6 6. Nc3 Ne7 7. Bf4 d5 8.
Qf3 O-O 9. O-O-O Ng6 10. Bxb8 Rxb8 11. exd5 Qg5+ 12. Kb1 Ne5 13. Qe2 Ng4 14. f3
Ne3 15. dxe6 Bxe6 16. Qd2 Qh6 17. Re1 Rfd8 18. Qc1 Bf5 19. Ne4 Rbc8 20. c3 Qf4
21. Nbd2 Nxg2 22. Re2 Ne3 23. Bg2 Nxg2 24. Rxg2 Be3 25. Rd1 Bxe4+ 26. fxe4 Bxd2
27. Rgxd2 Qxe4+ 28. Ka1 Rxd2 29. Qxd2 Re8 30. a3 g6 31. Qd6 Kg7 32. Rd2 Re6 33.
Qd8 Re8 34. Qd6 Re6 35. Qd8 Re8 1/2-1/2

[Event "?"]
[Site "?"]
[Date "????.??.??"]
[Round "?"]
[White "Feavyour, J."]
[Black "Siegmund, R."]
[Result "1-0"]
[WhiteElo "2068"]
[BlackElo "2177"]
[PlyCount "115"]

1. d4 Nf6 2. c4 e6 3. Nc3 Bb4 4. e3 c5 5. Bd3 Nc6 6. Nf3 Bxc3+ 7. bxc3 d6 8.
O-O e5 9. e4 O-O 10. h3 h6 11. Be3 b6 12. d5 Ne7 13. Kh2 Ng6 14. g3 Bd7 15. Ng1
Re8 16. Qe2 Qe7 17. Rae1 a6 18. Rb1 b5 19. f3 Reb8 20. cxb5 axb5 21. Bxb5 Bxb5
22. Rxb5 Rxb5 23. Qxb5 Rxa2+ 24. Rf2 Rxf2+ 25. Bxf2 Nf8 26. Ne2 Qa7 27. Kg2
N8d7 28. Qc6 Qb6 29. g4 Qxc6 30. dxc6 Nb6 31. Bh4 g5 32. Be1 Kf8 33. Ng3 Ke7
34. Nf5+ Ke6 35. Bf2 Ng8 36. h4 f6 37. h5 Nc8 38. c4 Nce7 39. Ng7+ Kf7 40. Nf5
Ke6 41. Ng7+ Kf7 42. Nf5 Nxf5 43. gxf5 Ne7 44. c7 Ke8 45. Be1 Kd7 46. Ba5 Nc6
47. Bc3 Kxc7 48. Kf2 Kb6 49. Ke3 Nb4 50. Bd2 Ka5 51. Kf2 Ka4 52. Bxg5 Nd3+ 53.
Ke3 Nf4 54. Bxf6 Nxh5 55. Be7 Kb4 56. Bxd6 Kxc4 57. Bxe5 Kb3 58. f6 1-0

[Event "?"]
[Site "?"]
[Date "????.??.??"]
[Round "?"]
[White "Hampel, J."]
[Black "Macdonald-Ross, S."]
[Result "1-0"]
[WhiteElo "2194"]
[BlackElo "2065"]
[PlyCount "57"]

1. d4 Nf6 2. c4 e6 3. Nc3 Bb4 4. e3 O-O 5. Bd3 d5 6. Nf3 c5 7. O-O dxc4 8. Bxc4
Nc6 9. a3 Ba5 10. Qd3 cxd4 11. exd4 h6 12. Bf4 Bc7 13. Bg3 Bxg3 14. hxg3 Ne7
15. Ne5 b6 16. Rac1 Bb7 17. Ba2 Ned5 18. Rfe1 Qe7 19. Bb1 g6 20. Qd2 Kh7 21. g4
Ng8 22. Nxd5 Bxd5 23. Rc3 Rac8 24. Rec1 Qb7 25. Qf4 Rxc3 26. Rxc3 f5 27. Nxg6
Kxg6 28. gxf5+ Rxf5 29. Rc7 1-0

[Event "?"]
[Site "?"]
[Date "????.??.??"]
[Round "?"]
[White "Rety, J."]
[Black "Kahn, P."]
[Result "0-1"]
[WhiteElo "2006"]
[BlackElo "2162"]
[PlyCount "98"]

1. e4 e5 2. d4 exd4 3. Qxd4 Nc6 4. Qe3 Nf6 5. h3 Bb4+ 6. Bd2 Qe7 7. Bd3 d5 8.
exd5 Qxe3+ 9. fxe3 Nxd5 10. Bxb4 Ncxb4 11. Kd2 O-O 12. Ne2 Re8 13. e4 Nf6 14.
Nbc3 b6 15. a3 Nxd3 16. cxd3 Ba6 17. Rad1 Rad8 18. Kc2 c5 19. b3 Bb7 20. Rhf1
Bc6 21. g4 h6 22. Ng3 Nd7 23. Nf5 Ne5 24. Ne3 Rd7 25. Ned5 Bxd5 26. Nxd5 Nc6
27. Rf2 Nd4+ 28. Kc3 Re6 29. Rdf1 Re5 30. h4 Nb5+ 31. Kb2 Nc7 32. Rf5 Rxf5 33.
Rxf5 Nxd5 34. Rxd5 Rxd5 35. exd5 Kf8 36. Kc3 h5 37. g5 Ke7 38. a4 Kd6 39. Kc4
a6 40. d4 f6 41. gxf6 gxf6 42. dxc5+ bxc5 43. a5 f5 44. Kd3 Kxd5 45. Ke3 Ke5
46. Kf3 f4 47. Kf2 Ke4 48. Ke2 f3+ 49. Kf2 Kf4 0-1

[Event "?"]
[Site "?"]
[Date "????.??.??"]
[Round "?"]
[White "Pape, M."]
[Black "Wilson, P."]
[Result "1-0"]
[WhiteElo "2222"]
[BlackElo "2070"]
[PlyCount "93"]

1. Nf3 e6 2. g3 f5 3. Bg2 Nf6 4. d3 Be7 5. O-O O-O 6. Nbd2 d5 7. b3 Bd7 8. Bb2
Be8 9. c4 c6 10. a3 Bh5 11. Qc2 Bxf3 12. Bxf3 a5 13. Bg2 Nbd7 14. Nf3 Nh5 15.
e4 dxe4 16. dxe4 Bf6 17. e5 Bg5 18. Rad1 Rf7 19. Rd3 g6 20. Rfd1 Bh6 21. c5 Ng7
22. Bc1 Bxc1 23. Qxc1 Qc7 24. Rd6 Re7 25. Qc4 Nf8 26. Qd4 Ne8 27. Bf1 Qc8 28.
Bc4 Nxd6 29. exd6 Rd7 30. Qf6 Rf7 31. Qh4 Qd8 32. Ng5 Qf6 33. Qf4 Re8 34. Nxf7
Qxf7 35. Qd2 Ra8 36. Re1 Kg7 37. f4 Nd7 38. Bxe6 Qf6 39. Bxd7 Rd8 40. Re7+ Kh6
41. Qe3 Qa1+ 42. Kg2 Qxa3 43. g4 Qb2+ 44. Kg3 fxg4 45. f5+ g5 46. Qe6+ Kh5 47.
Rxh7# 1-0